000 00682nam a22002177a 4500
999 _c5958
_d5958
003 AR-CdUCM
008 190313b ||||| |||| 00| 0 spa d
040 _aMUNICIPALIDAD PROVINCIAL DEL CUSCO
_cBIBLIOTECA MUNICIPAL DEL CUSCO
082 _a759.9494 /
_bL85
245 _aLa mas grandiosa colección de arte del mundo :
_bHenri Rousseau /
260 _aBuenos Aires :
_bCodex,
_c1965.
300 _a26 páginas ;
_c36 cm.
440 _aPinacoteca de los genios.
_n143
_917481
650 _aArte
_9561
650 _aPintura
_93081
650 _aSuiza
_92097
700 _aLonzi, Carla
_917482
700 _aSuárez, Marcial (traductor)
_917483
942 _2ddc
_cLIBROS
945 _azta